2011アジアカップ日本代表 - Statistics

General Stats
  • This quiz has been taken 7 times
  • The average score is 19 of 23
Answer Stats
背番号 名前 所属チーム % Correct
1 川島永嗣 リールセ
100%
2 伊野波雅彦 鹿島アントラーズ
100%
4 今野泰幸 FC東京
100%
6 内田篤人 シャルケ
100%
7 遠藤保仁 ガンバ大阪
100%
9 岡崎慎司 清水エスパルス
100%
10 香川真司 ドルトムント
100%
11 前田遼一 ジュビロ磐田
100%
17 長谷部誠 ヴォルフスブルク
100%
18 本田圭佑 CSKAモスクワ
100%
20 槙野智章 サンフレッチェ広島
100%
3 岩政大樹 鹿島アントラーズ
83%
5 長友佑都 チェゼーナ
83%
21 西川周作 サンフレッチェ広島
83%
22 吉田麻也 VVVフェンロ
83%
12 酒井高徳 アルビレックス新潟
67%
15 本田拓也 清水エスパルス
67%
19 李忠成 サンフレッチェ広島
67%
23 権田修一 FC東京
67%
8 松井大輔 FCトム・トムスク
50%
13 細貝萌 浦和レッズ
50%
14 藤本淳吾 清水エスパルス
33%
16 柏木陽介 浦和レッズ
17%
No matching quizzes found
Score Distribution
Percent of People with Each Score
Percentile by Number Answered
Your Score History
You have not taken this quiz